| 000 | 00468nam a22001937a 4500 | ||
|---|---|---|---|
| 003 | MPLRDC | ||
| 005 | 20220104153359.0 | ||
| 008 | 210129b ||||| |||| 00| 0 eng d | ||
| 020 | _a967-927-679-1 | ||
| 082 | _a859.6 SXZT v.8 c.2 | ||
| 100 | _a文杰著 | ||
| 245 |
_a青鬼惊魂 _c |
||
| 250 | _a初版 | ||
| 260 |
_a _bFARGOES _c1996 |
||
| 300 | _b平 | ||
| 490 | _a三小侦探系列; 08 | ||
| 650 | _a儿童故事--侦探 | ||
| 942 |
_cBK _o859.6 SXZT v.8 c.2 |
||
| 999 |
_c53417 _d53407 |
||